1101 1737 1269 1208 1021 1718 1965 1543 1710 1344 1931 1083 1549 1025 1403 1961 1282 1533 1981 1574 1852 1714 1510 1799 1131 1433 1154 1844 1703 1907 1023 1610 1565 1857 1885 1547 1722 1552 1518 1451 1493 1710 1400 1350 1422 1208 1123 1752 1961 1234 1038 1580 1042 1992 1483 1208 1326 1622 1472 1829 1228 1340 1855 1041 1700 1661 1056 1499 1373 1658 1934 1832 1784 1987 1426 1150 1853 1007 1581 1523 1323 1019 1424 1478 1008 1654 1001 1202 1940 1041 1004 1020 1682 1565 1075 1544 1272 1779 1081 BCNSPRNW ULIB Ver.6.0+V

เปลี่ยนเป็นภาษาไทย

Change to English
 แสดงรายละเอียดบรรณานุกรม
  กลับหน้าหลัก

Brief Record : Get Marc (ISO 2709) : E-mail record : QR code < ปิดหน้าต่าง
LEADER : 00000nam 2200000uu 4500
001    13399127734
003     ULIB
008    210513s2556||||th 000 0 tha d
020    ู^a9786162990892
050    ^aนว^bช799จ^cล.4
100    ^aโชอู
245    ^aจอมกระบี่เทพสังหาร เล่ม 4
250    ^aพิมพ์ครั้งที่ 1
260    ^aกรุงเทพฯ :^bสยามอินเตอร์บุ๊คส์,^c2556
300    ^a231 หน้า;^b21 ซม.
650    ^aนวนิยาย
945    ^p220^l0^i008045
999    ^aประนอม เกษจรัล
รายการนี้ยังไม่มีแท็ก
คุณยังไม่ได้ล็อกอิน คุณสามารถมีกิจกรรมร่วมกับเว็บไซต์ได้ แต่ต้องล็อกอินก่อน ::
  ล็อกอิน

รายการสื่อสารสนเทศ

ลำดับที่ ประเภท เลขเรียก/บาร์โค้ด สถานที่ สถานะ
1. นวนิยาย
นวนิยาย
นว ช799จ ล.4 ฉ.1 
  Barcode: 008045
ห้องสมุดวิทยาเขตสวรรค์ประชารักษ์
►หนังสือทั่วไป
บนชั้น

รายการใกล้เคียง
    ผู้แต่ง [โชอู]

    หัวเรื่อง [นวนิยาย]

BibComment


ยังไม่เคยถูกคอมเมนท์

คอมเมนท์ทรัพยากรรายการนี้
  คอมเมนท์: จอมกระบี่เทพสังห..


 Copyright 2026. Bcnsprnw @Library